Caderno especial Rumos : (Record no. 1631)

MARC details
000 -LEADER
fixed length control field 01158cas a2200373 a 4500
001 - CONTROL NUMBER
control field data
005 - DATE AND TIME OF LATEST TRANSACTION
control field 20260322212110.0
008 - FIXED-LENGTH DATA ELEMENTS--GENERAL INFORMATION
fixed length control field data
010 ## - LIBRARY OF CONGRESS CONTROL NUMBER
LC control number 94833925
029 1# - OTHER SYSTEM CONTROL NUMBER (OCLC)
OCLC library identifier AU@
System control number 000025646931
035 ## - SYSTEM CONTROL NUMBER
System control number (OCoLC)33181672
040 ## - CATALOGING SOURCE
Original cataloging agency DLC
Language of cataloging eng
Transcribing agency DLC
Modifying agency OCLCL
-- OCLCO
-- OCLCF
-- OCLCQ
-- OCLCL
042 ## - AUTHENTICATION CODE
Authentication code pcc
050 00 - LIBRARY OF CONGRESS CALL NUMBER
Classification number BR7
Item number .C33
082 00 - DEWEY DECIMAL CLASSIFICATION NUMBER
Classification number 230/.05
Edition information 21
Real World Object URI https://id.oclc.org/worldcat/ddc/E49rDxWtC3qRjTth34QdpttJxK
245 00 - TITLE STATEMENT
Title Caderno especial Rumos :
Remainder of title CER.
246 30 - VARYING FORM OF TITLE
Title proper/short title CER
260 ## - PUBLICATION, DISTRIBUTION, ETC.
Place of publication, distribution, etc. Brasília, DF :
Name of publisher, distributor, etc. SER, Editora Rumos
300 ## - PHYSICAL DESCRIPTION
Extent volumes ;
Dimensions 21 cm
336 ## - CONTENT TYPE
Content type term text
Content type code txt
Source rdacontent
337 ## - MEDIA TYPE
Media type term unmediated
Media type code n
Source rdamedia
338 ## - CARRIER TYPE
Carrier type term volume
Carrier type code nc
Source rdacarrier
588 ## - SOURCE OF DESCRIPTION NOTE
Source of description note Description based on: No. 2, published in 1992.
588 ## - SOURCE OF DESCRIPTION NOTE
Source of description note Latest issue consulted: No. 20, published in 1993.
590 ## - LOCAL NOTE (RLIN)
Local note SERBIB/SERLOC merged record
650 #0 - SUBJECT ADDED ENTRY--TOPICAL TERM
Topical term or geographic name entry element Theology.
650 #7 - SUBJECT ADDED ENTRY--TOPICAL TERM
Topical term or geographic name entry element Theology.
Source of heading or term fast
Authority record control number or standard number (OCoLC)fst01149559
890 ## -
-- Caderno especial Rumos.
-- 94-833925
906 ## - LOCAL DATA ELEMENT F, LDF (RLIN)
a 7
b cbc
c serials
d u
e ncip
f 19
g n-oclcserc
920 ## -
-- Keep 1
991 ## -
-- c-GenColl
-- BR7
-- .C33
-- SERIALS
992 ## -
-- SER
-- SERLOC
Holdings
Withdrawn status Lost status Damaged status Not for loan Home library Current library Shelving location Date acquired Total checkouts Full call number Barcode Date last seen Price effective from Koha item type
        Institut Protestant de Théologie Institut Protestant de Théologie General stacks 22/03/2026   230/.05 LOC-IPT-00022 22/03/2026 22/03/2026 Books